Gentilé des départements de Normandie - Statistiques

Statistiques générales
  • Ce quiz a été pris 18 fois
  • Le résultat moyen est 3 sur 5
Statistiques - réponses
Hint Réponse % Correct
Orne Ornais
88%
Manche Manchois
81%
Calvados Calvadosiens
69%
Eure Eurois
63%
Seine-Maritime Seinomarins
13%
Aucun quiz correspondant
Distribution des résultats
% des personnes avec chaque résultat
Percentile par nombre de réponses
Votre historique - résultats
Vous n’avez pas pris ce quiz